=LDR 00000nam 2200000 4500 =001 INLIS000000000000091 =005 20150114094220.0 =006 =007 =008 Ind =035 ##$$0010-061300000000091 =041 ##$$a Ind =082 ##$$a 904.7 =090 ##$$a 904.7 Tam p =100 ##$$a Tamara, Nasir =245 ##$$a Perang Iran-perang Irak, laporan dua wartawan sinar harapan / Nasir Tamara =260 ##$$aJakarta$bSinar Harapan$c1981 =300 ##$$a 249 hlm. : ilus. ; 20 cm =650 ##$$a Peristiwa =850 ##$$a NBPDMAT